[Event "HUN-chT2 Erkel 0506"]
[Site "Hungary"]
[Date "2006.02.26"]
[Round "8"]
[White "Barta, Zoltan"]
[Black "Ponyi, Attila"]
[Result "1/2-1/2"]
[WhiteElo "2069"]
[BlackElo "2109"]
[PlyCount "74"]
[EventDate "2005.10.16"]
[EventType "team"]
[EventRounds "11"]
[EventCountry "HUN"]
[SourceTitle "EXT 2009"]
[Source "ChessBase"]
[SourceDate "2008.11.26"]
[SourceVersion "1"]
[SourceVersionDate "2008.11.26"]
[SourceQuality "1"]
[WhiteTeam "Fuzesabony"]
[BlackTeam "Vasarteri"]
[WhiteTeamCountry "HUN"]
[BlackTeamCountry "HUN"]

1. d4 f5 2. c4 Nf6 3. Nc3 e6 4. g3 Be7 5. Bg2 d6 6. Nf3 0-0 7. 0-0 Nc6 8. e3 Qe8 9. b3 Bd8 10. Bb2 e5 11. d5 Ne7 12. a3 f4 13. exf4 exf4 14. Nd4 Qg6 15. Qd2 Qh5 16. f3 fxg3 17. hxg3 Qg6 18. g4 Qf7 19. Rae1 Ng6 20. Ne6 Re8 21. Ng5 Qf8 22. Rxe8 Nxe8 23. Re1 Ne5 24. Nce4 h6 25. Bxe5 dxe5 26. Ne6 Bxe6 27. dxe6 Bh4 28. Ra1 Rd8 29. Qa5 Qf4 30. Qxa7 Nd6 31. Rd1 Kh7 32. Nxd6 Rxd6 33. Rxd6 cxd6 34. Qxb7 Qe3+ 35. Kh2 Qf4+ 36. Kh1 Qc1+ 37. Kh2 Qf4+ 1/2-1/2

[Event "HUN-chT2 Erkel 0506"]
[Site "Hungary"]
[Date "2005.10.30"]
[Round "2"]
[White "Kiss, Jozsef1111"]
[Black "Ponyi, Attila"]
[Result "0-1"]
[WhiteElo "2032"]
[BlackElo "2109"]
[PlyCount "97"]
[EventDate "2005.10.16"]
[EventType "team"]
[EventRounds "11"]
[EventCountry "HUN"]
[SourceTitle "EXT 2009"]
[Source "ChessBase"]
[SourceDate "2008.11.26"]
[SourceVersion "1"]
[SourceVersionDate "2008.11.26"]
[SourceQuality "1"]
[WhiteTeam "Penzugyor II"]
[BlackTeam "Vasarteri"]
[WhiteTeamCountry "HUN"]
[BlackTeamCountry "HUN"]

1. e4 d5 2. e5 c5 3. f4 Nc6 4. Nf3 Bg4 5. c3 d4 6. Bc4 e6 7. 0-0 Nge7 8. h3 Bxf3 9. Qxf3 a6 10. a4 g6 11. d3 Nd5 12. Nd2 Be7 13. Ne4 dxc3 14. bxc3 Nxc3 15. Nxc3 Qd4+ 16. Be3 Qxc3 17. Rab1 Rb8 18. Bxa6 0-0 19. Rfc1 Qa5 20. Bxb7 Nb4 21. Be4 Qxa4 22. Bxc5 Bxc5+ 23. Rxc5 Nc2 24. Rxb8 Rxb8 25. Qf2 Nd4 26. Rc4 Qd1+ 27. Kh2 Nb3 28. f5 Nd2 29. g4 Nxc4 30. dxc4 Qc1 31. Qd4 Qb2+ 32. Qxb2 Rxb2+ 33. Kg3 Rb3+ 34. Kf4 Rc3 35. f6 Rxc4 36. h4 h6 37. h5 g5+ 38. Ke3 Rc3+ 39. Bd3 Ra3 40. Kd4 Ra5 41. Bc4 Kf8 42. Be2 Ra2 43. Ke3 Ke8 44. Bb5+ Kd8 45. Bd3 Ra4 46. Kf3 Rf4+ 47. Kg3 Rb4 48. Kf3 Kd7 49. Bc2 0-1

[Event "HUN-ch Seniors"]
[Site "Ajka"]
[Date "2005.03.27"]
[Round "6"]
[White "Ponyi, Attila"]
[Black "Papp, Laszlo"]
[Result "0-1"]
[WhiteElo "2109"]
[BlackElo "2214"]
[PlyCount "102"]
[EventDate "2005.03.24"]
[EventType "swiss"]
[EventRounds "7"]
[EventCountry "HUN"]
[SourceTitle "EXT 2008"]
[Source "ChessBase"]
[SourceDate "2007.11.25"]
[SourceVersion "1"]
[SourceVersionDate "2007.11.25"]
[SourceQuality "1"]

1. d4 f5 2. e4 fxe4 3. Nc3 Nf6 4. Bg5 g6 5. Bc4 c6 6. f3 d5 7. Be2 exf3 8. Nxf3 Bg7 9. Ne5 0-0 10. 0-0 Bf5 11. Qd2 Qb6 12. Na4 Qc7 13. Nc5 b6 14. Ncd3 Ne4 15. Qe3 Nxg5 16. Qxg5 Qd6 17. g4 Bf6 18. Qe3 Bxd3 19. Bxd3 Nd7 20. Nxd7 Qxd7 21. h3 Qd6 22. c3 e5 23. dxe5 Bxe5 24. Rxf8+ Rxf8 25. Re1 Re8 26. Kg2 Re7 27. Qg5 b5 28. Qe3 d4 29. cxd4 Bf6 30. Qd2 Qd5+ 31. Kh2 Qxd4 32. Rxe7 Bxe7 33. Qe2 Bd6+ 34. Kg2 Be5 35. b3 Qf4 36. Be4 Qh2+ 37. Kf1 Qxh3+ 38. Bg2 Qc3 39. Bxc6 Qxc6 40. Qxe5 Qf3+ 41. Ke1 Qxg4 42. Qb8+ Kg7 43. Qxa7+ Kh6 44. Qe3+ g5 45. Qe2 Qxe2+ 46. Kxe2 b4 47. Kd3 g4 48. Kc4 g3 49. Kxb4 g2 50. Ka5 g1Q 51. a4 Qc5+ 0-1

[Event "HUN-ch Seniors"]
[Site "Ajka"]
[Date "2005.03.26"]
[Round "5"]
[White "Szatmary, Revay Jozsef"]
[Black "Ponyi, Attila"]
[Result "0-1"]
[WhiteElo "2126"]
[BlackElo "2109"]
[PlyCount "100"]
[EventDate "2005.03.24"]
[EventType "swiss"]
[EventRounds "7"]
[EventCountry "HUN"]
[SourceTitle "EXT 2008"]
[Source "ChessBase"]
[SourceDate "2007.11.25"]
[SourceVersion "1"]
[SourceVersionDate "2007.11.25"]
[SourceQuality "1"]

1. c4 f5 2. Nc3 Nf6 3. Nf3 e6 4. g3 Be7 5. Bg2 0-0 6. d3 d6 7. 0-0 e5 8. Bg5 Nbd7 9. Nd2 h6 10. Bxf6 Nxf6 11. e3 f4 12. Qe2 c6 13. exf4 exf4 14. Rae1 Re8 15. Qf3 fxg3 16. hxg3 Bg4 17. Qf4 Qd7 18. Nde4 Nh5 19. Qe3 Bh3 20. Bxh3 Qxh3 21. Qf3 Rf8 22. Qg2 Qg4 23. Nd1 Rf7 24. Ne3 Qg6 25. f4 Qe6 26. Nc3 Qd7 27. Rf3 Raf8 28. Ref1 Nf6 29. d4 d5 30. cxd5 Nxd5 31. Ncxd5 cxd5 32. R3f2 Bf6 33. Rd1 Rd8 34. b3 Re7 35. Qf3 Re4 36. Rfd2 h5 37. Nc4 Qf5 38. Ne3 Qe6 39. Ng2 g6 40. Kh2 Re8 41. Rd3 Re2 42. R1d2 Re4 43. f5 gxf5 44. Qxh5 Kg7 45. Kg1 Rh8 46. Qf3 Re1+ 47. Kf2 Rh2 48. Qf4 Kg6 49. Qf3 Bg5 50. Rc2 Rhh1 0-1

[Event "Salgotarjan Balazs Memorial op"]
[Site "Salgotarjan"]
[Date "2003.07.28"]
[Round "1"]
[White "Ponyi, Attila"]
[Black "Emodi, Gyula"]
[Result "1/2-1/2"]
[WhiteElo "2380"]
[BlackElo "2114"]
[PlyCount "109"]
[EventDate "2003.07.28"]
[EventType "swiss"]
[EventRounds "9"]
[EventCountry "HUN"]
[SourceTitle "EXT 2008"]
[Source "ChessBase"]
[SourceDate "2007.11.25"]
[SourceVersion "1"]
[SourceVersionDate "2007.11.25"]
[SourceQuality "1"]

1. d4 d5 2. e3 Nf6 3. Bd3 e5 4. dxe5 Ng4 5. Nf3 Nd7 6. 0-0 Ndxe5 7. Be2 c6 8. Nbd2 Bd6 9. h3 h5 10. e4 Nxf3+ 11. Bxf3 Bh2+ 12. Kh1 Qd6 13. e5 Bxe5 14. c4 Bd4 15. g3 Be6 16. cxd5 Bxd5 17. Ne4 Bxe4 18. Bxe4 Qe5 19. Qf3 Qf6 20. Bf5 Nh6 21. Bxh6 Rxh6 22. Rad1 Rd8 23. Rd2 Kf8 24. Rfd1 c5 25. Kg2 Qg5 26. h4 Qf6 27. b3 g5 28. hxg5 Qxg5 29. Bd3 h4 30. Bc4 Rd7 31. Re2 h3+ 32. Kh2 Rf6 33. Qe4 Rxf2+ 34. Rxf2 Bxf2 35. Rd3 Re7 36. Rd8+ Kg7 37. Qf3 Bd4 38. Rd5 Be5 39. Kxh3 b6 40. Qg4 Kh6 41. Rd8 f5 42. Qf3 Qh5+ 43. Qxh5+ Kxh5 44. Rf8 Kg5 45. Bd3 Bf6 46. Rg8+ Bg7 47. Rd8 Re3 48. Kg2 Be5 49. Rg8+ Kf6 50. Bc4 Bd6 51. Kf2 Rc3 52. a4 a6 53. g4 fxg4 54. Rxg4 Kf5 55. Rg7 1/2-1/2

[Event "HUN-chT2 Erkel 0203"]
[Site "Hungary"]
[Date "2003.04.06"]
[Round "10"]
[White "Kovacs, Peter"]
[Black "Ponyi, Attila"]
[Result "1/2-1/2"]
[WhiteElo "2064"]
[BlackElo "2073"]
[PlyCount "120"]
[EventDate "2002.09.22"]
[EventType "team"]
[EventRounds "11"]
[EventCountry "HUN"]
[SourceTitle "EXT 2009"]
[Source "ChessBase"]
[SourceDate "2008.11.26"]
[SourceVersion "1"]
[SourceVersionDate "2008.11.26"]
[SourceQuality "1"]

1. d4 e6 2. c4 f5 3. Nf3 d6 4. g3 Nf6 5. Bg2 Be7 6. 0-0 0-0 7. Nc3 Nc6 8. d5 Ne5 9. b3 Nxf3+ 10. Bxf3 e5 11. e4 fxe4 12. Nxe4 Bf5 13. Qe2 Qe8 14. Kg2 Qg6 15. Re1 Nxe4 16. Bxe4 Bg5 17. Bxg5 Qxg5 18. f3 Rf6 19. Qe3 Qxe3 20. Rxe3 Bd7 21. Rc1 b6 22. b4 a5 23. Ra3 Rff8 24. bxa5 Ra7 25. Rcc3 Rfa8 26. g4 Rxa5 27. Rxa5 Rxa5 28. Rc2 Ra3 29. Kf2 Kf7 30. h4 h6 31. Ke2 Ke7 32. Rb2 Bc8 33. Bd3 Ba6 34. Rc2 Kd7 35. Ke3 b5 36. Ke4 bxc4 37. Bxc4 Ra4 38. Kd3 Bxc4+ 39. Rxc4 Rxa2 40. Ke4 Ra8 41. h5 Rf8 42. Ke3 Rf7 43. Ra4 Rf8 44. Rc4 Rc8 45. Ke4 c5 46. Kf5 Rc7 47. f4 exf4 48. Kxf4 Ke8 49. Kf5 Kf7 50. g5 hxg5 51. Kxg5 Ke8 52. Kg6 Kd8 53. Rf4 c4 54. Rf8+ Kd7 55. Rf7+ Kc8 56. Rxg7 c3 57. h6 c2 58. h7 Rxg7+ 59. Kxg7 c1Q 60. h8Q+ Kc7 1/2-1/2

[Event "HUN-chT2 Erkel 0203"]
[Site "Hungary"]
[Date "2003.03.23"]
[Round "9"]
[White "Bauer, Peter2222"]
[Black "Ponyi, Attila"]
[Result "1/2-1/2"]
[WhiteElo "2093"]
[BlackElo "2073"]
[PlyCount "53"]
[EventDate "2002.09.22"]
[EventType "team"]
[EventRounds "11"]
[EventCountry "HUN"]
[SourceTitle "EXT 2009"]
[Source "ChessBase"]
[SourceDate "2008.11.26"]
[SourceVersion "1"]
[SourceVersionDate "2008.11.26"]
[SourceQuality "1"]

1. c4 f5 2. d4 e6 3. g3 Nf6 4. Bg2 Be7 5. Nc3 0-0 6. Nf3 d6 7. 0-0 Nc6 8. d5 Ne5 9. Nxe5 dxe5 10. dxe6 c6 11. b3 Qa5 12. Qc2 Bxe6 13. Bb2 Rad8 14. Rfd1 Bc5 15. Na4 Ng4 16. Nxc5 Qxc5 17. e3 Rxd1+ 18. Rxd1 f4 19. exf4 exf4 20. Bd4 Qh5 21. h3 fxg3 22. hxg4 Bxg4 23. Rd2 Qh2+ 24. Kf1 Bh3 25. Qe4 Qh1+ 26. Ke2 Bxg2 27. Qe6+ 1/2-1/2

[Event "HUN-chT2 Erkel 0203"]
[Site "Hungary"]
[Date "2002.12.08"]
[Round "4"]
[White "Ponyi, Attila"]
[Black "Toth, Mate Jozsef"]
[Result "1-0"]
[WhiteElo "2073"]
[BlackElo "2131"]
[PlyCount "87"]
[EventDate "2002.09.22"]
[EventType "team"]
[EventRounds "11"]
[EventCountry "HUN"]
[SourceTitle "EXT 2009"]
[Source "ChessBase"]
[SourceDate "2008.11.26"]
[SourceVersion "1"]
[SourceVersionDate "2008.11.26"]
[SourceQuality "1"]

1. d4 d6 2. c4 e5 3. dxe5 dxe5 4. Qxd8+ Kxd8 5. Nc3 c6 6. Be3 Be6 7. b3 Bb4 8. Bd2 Nd7 9. Nf3 f6 10. e3 Ne7 11. Be2 Kc7 12. a3 Bxc3 13. Bxc3 Nf5 14. 0-0 Nc5 15. Nd2 Rad8 16. Rfd1 Nd6 17. f3 Nf5 18. Kf2 Nd3+ 19. Bxd3 Rxd3 20. Ne4 Rhd8 21. Rxd3 Rxd3 22. g4 Nh4 23. Ke2 Rd8 24. g5 Bf5 25. gxf6 gxf6 26. Nxf6 Bd3+ 27. Kf2 Ng6 28. Rd1 e4 29. Nxe4 Bxe4 30. Rxd8 Kxd8 31. fxe4 Ke7 32. Kf3 Kf7 33. Kg4 Nf8 34. Kf5 Ne6 35. b4 a6 36. Be5 c5 37. Bd6 cxb4 38. axb4 b6 39. Ke5 Ng5 40. Kd5 a5 41. b5 a4 42. Bb4 h5 43. c5 bxc5 44. b6 1-0

[Event "Salgotarjan Balazs Memorial op"]
[Site "Salgotarjan"]
[Date "2002.08.04"]
[Round "3"]
[White "Ponyi, Attila"]
[Black "Frink, Ferenc"]
[Result "0-1"]
[WhiteElo "2073"]
[BlackElo "2240"]
[PlyCount "96"]
[EventDate "2002.08.02"]
[EventType "swiss"]
[EventRounds "9"]
[EventCountry "HUN"]
[SourceTitle "EXT 2008"]
[Source "ChessBase"]
[SourceDate "2007.11.25"]
[SourceVersion "1"]
[SourceVersionDate "2007.11.25"]
[SourceQuality "1"]

1. d4 g6 2. c3 Bg7 3. Nf3 d6 4. Bf4 Nf6 5. h3 0-0 6. Nbd2 c5 7. e3 Nc6 8. Be2 Re8 9. 0-0 e5 10. Bg3 exd4 11. exd4 cxd4 12. cxd4 d5 13. Bb5 Qb6 14. Bxc6 bxc6 15. Qb3 Ba6 16. Rfe1 Nd7 17. Qc2 c5 18. Qa4 Bb5 19. dxc5 Nxc5 20. Qc2 Bd3 21. Qd1 Bxb2 22. Be5 Ne4 23. Bxb2 Qxb2 24. Qb3 Qxb3 25. Nxb3 Nc3 26. Nbd4 Rxe1+ 27. Nxe1 Bc4 28. a3 Rb8 29. Nc6 Rb7 30. Nc2 Ne2+ 31. Kh2 Rb2 32. Ne3 Rb7 33. Rd1 Nc3 34. Rc1 Rc7 35. Nd4 Bd3 36. Re1 a6 37. Ng4 Kg7 38. Re8 Nb5 39. Nxb5 axb5 40. Rd8 Bc4 41. Kg3 Ra7 42. Kf4 h5 43. Ne3 Rxa3 44. Ke5 Rd3 45. g4 f6+ 46. Kd6 d4 47. Rd7+ Kh6 48. Ke7 dxe3 0-1

[Event "Salgotarjan Balazs Memorial op"]
[Site "Salgotarjan"]
[Date "2002.08.03"]
[Round "2"]
[White "Zambo, Zoltan"]
[Black "Ponyi, Attila"]
[Result "0-1"]
[WhiteElo "2200"]
[BlackElo "2073"]
[PlyCount "46"]
[EventDate "2002.08.02"]
[EventType "swiss"]
[EventRounds "9"]
[EventCountry "HUN"]
[SourceTitle "EXT 2008"]
[Source "ChessBase"]
[SourceDate "2007.11.25"]
[SourceVersion "1"]
[SourceVersionDate "2007.11.25"]
[SourceQuality "1"]

1. d4 e6 2. c4 f5 3. g3 Nf6 4. Bg2 Be7 5. Nf3 d6 6. 0-0 0-0 7. b3 Ne4 8. Nfd2 Nxd2 9. Qxd2 Nd7 10. Bb2 Nf6 11. Nc3 d5 12. a3 c6 13. f3 dxc4 14. bxc4 e5 15. d5 f4 16. gxf4 exf4 17. Rad1 Bc5+ 18. Kh1 Be3 19. Qc2 Nh5 20. Bc1 Ng3+ 21. hxg3 fxg3 22. Qe4 Rf4 23. Bh3 Qh4 0-1

[Event "Salgotarjan Balazs Memorial op"]
[Site "Salgotarjan"]
[Date "2002.08.02"]
[Round "1"]
[White "Ponyi, Attila"]
[Black "Portisch, Ferenc"]
[Result "0-1"]
[WhiteElo "2073"]
[BlackElo "2317"]
[PlyCount "86"]
[EventDate "2002.08.02"]
[EventType "swiss"]
[EventRounds "9"]
[EventCountry "HUN"]
[SourceTitle "EXT 2008"]
[Source "ChessBase"]
[SourceDate "2007.11.25"]
[SourceVersion "1"]
[SourceVersionDate "2007.11.25"]
[SourceQuality "1"]

1. d4 Nf6 2. c3 d5 3. Bg5 Nbd7 4. Nf3 g6 5. Nbd2 Bg7 6. e3 0-0 7. Bd3 c5 8. 0-0 b6 9. Qe2 Bb7 10. Bxf6 Nxf6 11. Ne5 Nd7 12. f4 Nxe5 13. fxe5 f6 14. exf6 exf6 15. e4 cxd4 16. exd5 dxc3 17. bxc3 Bxd5 18. Rac1 Re8 19. Qf2 f5 20. Nf3 Qc7 21. c4 Bf7 22. c5 Bh6 23. cxb6 Qxb6 24. Qxb6 axb6 25. Rb1 Rxa2 26. Bb5 Be3+ 27. Kh1 Rc8 28. Rfd1 Rcc2 29. Bf1 Rcb2 30. Ne5 Rxb1 31. Rxb1 Rc2 32. Nxf7 Kxf7 33. g3 Ke6 34. Re1 Rc3 35. Kg2 Kd5 36. Rb1 Rc2+ 37. Kf3 Bd4 38. Be2 g5 39. Re1 Kc5 40. g4 fxg4+ 41. Kxg4 Bc3 42. Bd3 h5+ 43. Kf3 Rxh2 0-1

[Event "HUN-chT3 0001"]
[Site "Hungary"]
[Date "2001.02.04"]
[Round "6.3"]
[White "Muhari, Istvan"]
[Black "Ponyi, Attila"]
[Result "1/2-1/2"]
[WhiteElo "2161"]
[BlackElo "2071"]
[PlyCount "80"]
[EventDate "2000.10.29"]
[EventType "team"]
[EventRounds "11"]
[EventCountry "HUN"]
[SourceTitle "EXT 2007"]
[Source "ChessBase"]
[SourceDate "2006.11.23"]
[SourceVersion "1"]
[SourceVersionDate "2006.11.23"]
[SourceQuality "1"]

1. e4 d5 2. exd5 Nf6 3. d4 Nxd5 4. c4 Nb4 5. Qa4+ N8c6 6. a3 Na6 7. Be3 Bd7 8. Qd1 e5 9. d5 Ne7 10. Nf3 f6 11. b4 Bg4 12. h3 Bc8 13. Nc3 Nf5 14. Bd3 Nxe3 15. fxe3 g6 16. 0-0 Bh6 17. Qe2 0-0 18. Rae1 Bg7 19. e4 Nb8 20. c5 a5 21. Bc4 axb4 22. axb4 Kh8 23. Rd1 Na6 24. Ra1 Rb8 25. Rfb1 Qe7 26. Ra4 f5 27. Kh1 fxe4 28. Nxe4 Bf5 29. Bd3 Rbd8 30. d6 cxd6 31. cxd6 Qd7 32. Bb5 Qe6 33. Nfg5 Qc8 34. Qc4 Qxc4 35. Bxc4 h6 36. Nf7+ Rxf7 37. Bxf7 Bxe4 38. Rc1 Bc6 39. Rxa6 bxa6 40. Rxc6 Bf8 1/2-1/2

[Event "HUN-chT3 0001"]
[Site "Hungary"]
[Date "2000.11.26"]
[Round "3.2"]
[White "Ponyi, Attila"]
[Black "Ivanics, Frigyes"]
[Result "1-0"]
[WhiteElo "2071"]
[BlackElo "2190"]
[PlyCount "73"]
[EventDate "2000.10.29"]
[EventType "team"]
[EventRounds "11"]
[EventCountry "HUN"]
[SourceTitle "EXT 2007"]
[Source "ChessBase"]
[SourceDate "2006.11.23"]
[SourceVersion "1"]
[SourceVersionDate "2006.11.23"]
[SourceQuality "1"]

1. d4 Nf6 2. Bg5 d5 3. Nd2 e6 4. e3 Be7 5. c3 0-0 6. Bd3 Nbd7 7. f4 Ne8 8. Ngf3 h6 9. Bxe7 Qxe7 10. 0-0 c5 11. Ne5 Nd6 12. Qf3 Nf6 13. g4 Bd7 14. h4 Bc6 15. g5 Nfe4 16. Nxc6 bxc6 17. Nxe4 Nf5 18. Nxc5 Nxh4 19. Qg4 hxg5 20. fxg5 Nf5 21. Rae1 g6 22. e4 dxe4 23. Nxe4 Kg7 24. Nf6 Rh8 25. Bxf5 gxf5 26. Qxf5 Qc7 27. Qe5 Qxe5 28. Rxe5 Rh4 29. Re2 Rah8 30. Rg2 Rh1+ 31. Kf2 Rxf1+ 32. Kxf1 Rh1+ 33. Ke2 Ra1 34. a3 Rb1 35. Kd3 Rf1 36. Kc4 Rf5 37. Nd7 1-0

[Event "Alfoeld Cup op"]
[Site "Hajduszoboszlo"]
[Date "2000.??.??"]
[Round "7"]
[White "Veress, Lajos"]
[Black "Ponyi, Attila"]
[Result "1/2-1/2"]
[WhiteElo "2140"]
[BlackElo "2075"]
[PlyCount "38"]
[EventDate "2000.08.??"]
[EventType "swiss"]
[EventRounds "9"]
[EventCountry "HUN"]
[SourceTitle "EXT 2004"]
[Source "ChessBase"]
[SourceDate "2003.11.25"]
[SourceVersion "1"]
[SourceVersionDate "2003.11.25"]
[SourceQuality "1"]

1. e4 d5 2. exd5 Nf6 3. Bb5+ Bd7 4. Bc4 Bg4 5. f3 Bf5 6. Nc3 Nbd7 7. Nge2 Nb6 8. d3 Nfxd5 9. Nxd5 Nxd5 10. Ng3 Bg6 11. Qe2 e6 12. Bd2 Be7 13. Ne4 a5 14. a4 0-0 15. 0-0 c6 16. Kh1 Qc7 17. Rae1 Rfe8 18. Qf2 h6 19. Bb3 Bf8 1/2-1/2

[Event "Salgotarjan Balazs Memorial op"]
[Site "Salgotarjan"]
[Date "1998.??.??"]
[Round "8"]
[White "Domany, Mihaly"]
[Black "Ponyi, Attila"]
[Result "1-0"]
[WhiteElo "2175"]
[BlackElo "2075"]
[PlyCount "41"]
[EventDate "1998.??.??"]
[EventType "swiss"]
[EventRounds "9"]
[EventCountry "HUN"]
[SourceTitle "EXT 2000"]
[Source "ChessBase"]
[SourceDate "1999.11.16"]
[SourceVersion "1"]
[SourceVersionDate "1999.11.16"]
[SourceQuality "1"]

1. e4 d5 2. exd5 Nf6 3. Nc3 Nxd5 4. Bc4 c6 5. Qf3 e6 6. Nge2 Nd7 7. d4 Bd6 8. Ne4 Be7 9. Qg3 0-0 10. Bh6 Bf6 11. 0-0 Kh8 12. Nxf6 Qxf6 13. Bg5 Qg6 14. Bd3 Qh5 15. c4 f6 16. Bd2 Nc7 17. Qxc7 e5 18. Ng3 Qh4 19. Bb4 Re8 20. Nf5 Qg5 21. Nd6 1-0

[Event "Gyongyos Matra Cup"]
[Site "Gyongyos"]
[Date "1998.??.??"]
[Round "7"]
[White "Gonczi, Jozsef"]
[Black "Ponyi, Attila"]
[Result "0-1"]
[WhiteElo "2210"]
[BlackElo "2075"]
[PlyCount "44"]
[EventDate "1998.??.??"]
[EventType "swiss"]
[EventRounds "9"]
[EventCountry "HUN"]
[SourceTitle "EXT 2000"]
[Source "ChessBase"]
[SourceDate "1999.11.16"]
[SourceVersion "1"]
[SourceVersionDate "1999.11.16"]
[SourceQuality "1"]

1. e4 d5 2. exd5 Nf6 3. Bb5+ Bd7 4. Bxd7+ Qxd7 5. Nf3 Nxd5 6. 0-0 e6 7. d4 c5 8. Re1 cxd4 9. Nxd4 Be7 10. c4 Nb6 11. Qg4 0-0 12. Nc3 Bf6 13. Rd1 h5 14. Qe4 Nc6 15. Ndb5 Qe7 16. Bf4 e5 17. Be3 Qb4 18. Bxb6 axb6 19. a3 Qb3 20. Nd5 Bd8 21. Rac1 Bg5 22. Rc3 Qxd1+ 0-1

[Event "Gyongyos Matra Cup"]
[Site "Gyongyos"]
[Date "1998.??.??"]
[Round "8"]
[White "Ponyi, Attila"]
[Black "Balogh, Lajos"]
[Result "0-1"]
[WhiteElo "2075"]
[BlackElo "2125"]
[PlyCount "80"]
[EventDate "1998.??.??"]
[EventType "swiss"]
[EventRounds "9"]
[EventCountry "HUN"]
[SourceTitle "EXT 2000"]
[Source "ChessBase"]
[SourceDate "1999.11.16"]
[SourceVersion "1"]
[SourceVersionDate "1999.11.16"]
[SourceQuality "1"]

1. d4 d5 2. c3 g6 3. Bf4 Bg7 4. Qc1 Bf5 5. Nf3 Nd7 6. g3 c5 7. Bg2 Rc8 8. Qd2 Be4 9. dxc5 e5 10. Be3 Nxc5 11. Bxc5 Rxc5 12. 0-0 Ne7 13. e3 0-0 14. Qd1 Qb6 15. Qb3 Rb5 16. Qa3 Re8 17. b3 Nc6 18. Nbd2 Bd3 19. Rfe1 Rc8 20. Rac1 Bf8 21. Qb2 Ra5 22. c4 e4 23. Bh3 Rd8 24. cxd5 exf3 25. dxc6 Bg7 26. c7 Bxb2 27. cxd8Q+ Qxd8 28. Rc8 Qxc8 29. Bxc8 Bc3 30. Nc4 Bxe1 31. Nxa5 Bxa5 32. Bxb7 Be2 33. g4 g5 34. h3 Kg7 35. a3 Kf6 36. Bd5 Ke7 37. h4 h6 38. Kh2 Bc3 39. b4 gxh4 40. Kh3 Be1 0-1

[Event "Gyongyos Matra Cup"]
[Site "Gyongyos"]
[Date "1998.??.??"]
[Round "6"]
[White "Ponyi, Attila"]
[Black "Strifler, Janos"]
[Result "1-0"]
[WhiteElo "2070"]
[BlackElo "2155"]
[PlyCount "144"]
[EventDate "1998.??.??"]
[EventType "swiss"]
[EventRounds "9"]
[EventCountry "HUN"]
[SourceTitle "EXT 2000"]
[Source "ChessBase"]
[SourceDate "1999.11.16"]
[SourceVersion "1"]
[SourceVersionDate "1999.11.16"]
[SourceQuality "1"]

1. d4 d5 2. e3 Nf6 3. Bd3 Nc6 4. c3 a6 5. Qb3 e5 6. Nd2 e4 7. Be2 Ne7 8. c4 c6 9. Qc2 Bg4 10. f3 exf3 11. Ngxf3 dxc4 12. Nxc4 Ned5 13. Nce5 Bb4+ 14. Kf2 Bxf3 15. Bxf3 Bd6 16. Nc4 Ne7 17. Nxd6+ Qxd6 18. Re1 0-0 19. Kg1 Ng6 20. g3 Rfe8 21. Bd2 Qd7 22. Rac1 Qe6 23. a4 Ne4 24. Bb4 Ng5 25. Bg2 Ne4 26. Qc4 Qg4 27. Rf1 Qd7 28. a5 Nf6 29. Rce1 Rad8 30. Bc5 Ne4 31. Bb4 Nf6 32. Qb3 Ne7 33. Bc5 Nfd5 34. e4 Nf6 35. Re2 Ng6 36. Ref2 Nh8 37. e5 Nd5 38. Be4 g6 39. Bd6 Qg4 40. Bxd5 cxd5 41. Qxd5 Qd7 42. Rf3 Rc8 43. Qb3 Qg4 44. Bc5 Qd7 45. Qc4 Red8 46. Rb3 Qc6 47. Rf4 Rd5 48. Rb6 Qd7 49. Qb3 Rc7 50. Kg2 g5 51. Rf2 Ng6 52. Bd6 Rxd4 53. Bxc7 Qxc7 54. Rxb7 Qc6+ 55. Qf3 Nxe5 56. Qxc6 Nxc6 57. Rfxf7 Nxa5 58. Rg7+ Kf8 59. Rbf7+ Ke8 60. Ra7 Kf8 61. Rxh7 Kg8 62. Rhc7 Rd8 63. Rxa6 Nb3 64. Rg6+ Kh8 65. Rxg5 Nd4 66. Rgg7 Ne6 67. Rh7+ Kg8 68. Rcd7 Rb8 69. Rb7 Rd8 70. Rhe7 Nf8 71. h4 Rd2+ 72. Kh3 Rf2 1-0

[Event "Gyor Matrai Nyar op"]
[Site "Gyor"]
[Date "1997.??.??"]
[Round "2"]
[White "Ponyi, Attila"]
[Black "Baljiev, Chingiz"]
[Result "0-1"]
[WhiteElo "2100"]
[BlackElo "2230"]
[PlyCount "98"]
[EventDate "1997.??.??"]
[EventType "swiss"]
[EventRounds "9"]
[EventCountry "HUN"]
[SourceTitle "EXT 2001"]
[Source "ChessBase"]
[SourceDate "2000.11.22"]
[SourceVersion "1"]
[SourceVersionDate "2000.11.22"]
[SourceQuality "1"]

1. d4 Nf6 2. Nf3 g6 3. Bg5 Bg7 4. Nbd2 0-0 5. e3 d6 6. Bc4 c5 7. c3 Qb6 8. Qb3 Nc6 9. Qxb6 axb6 10. 0-0 h6 11. Bxf6 Bxf6 12. a3 Rd8 13. h3 d5 14. Bd3 e5 15. dxe5 Nxe5 16. Nxe5 Bxe5 17. Nf3 Bf6 18. Rfd1 Bd7 19. Bc2 Bc6 20. Rd2 d4 21. cxd4 Bxf3 22. gxf3 cxd4 23. exd4 Rxd4 24. Rxd4 Bxd4 25. Rb1 Rc8 26. Be4 f5 27. Bd3 Kg7 28. Kf1 Kf6 29. b3 Rc3 30. Ke2 Ke5 31. h4 Kf4 32. a4 Bxf2 33. h5 g5 34. Bxf5 Kxf5 35. Kxf2 Kf4 36. b4 Rxf3+ 37. Kg2 Ra3 38. Rf1+ Kg4 39. Rf6 Ra2+ 40. Kg1 Kxh5 41. Rxb6 Rxa4 42. Kg2 Kg4 43. Rxb7 Ra2+ 44. Kg1 Rb2 45. Kf1 h5 46. b5 h4 47. b6 h3 48. Ke1 h2 49. Rh7 h1Q+ 0-1